000 01132cam a22003493a 4500
001 19473
003 PGUSA
005 20140828083419.0
008 061005s2006||||xxu|||||s|||||000 1 eng d
040 _aPGUSA
_beng
042 _adc
050 4 _aPZ
100 1 _aOptic, Oliver,
_d1822-1897
245 1 0 _aNow or Never :
_bOr, The Adventures of Bobby Bright
_h[electronic resource] /
_cOliver Optic
260 _bProject Gutenberg,
_c2006
506 _aPublic domain in the USA.
516 _aElectronic text
653 _aWidows -- Juvenile fiction
653 _aBook industries and trade -- Juvenile fiction
653 _aMaine -- Juvenile fiction
653 _aChildren's stories
653 _aBoston (Mass.) -- Juvenile fiction
653 _aChild labor -- Juvenile fiction
653 _aRunaway children -- Juvenile fiction
653 _aFishing -- Juvenile fiction
653 _aMothers and sons -- Juvenile fiction
653 _aMoney -- Juvenile fiction
653 _aTheft -- Juvenile fiction
830 0 _aProject Gutenberg
_v19473
856 4 0 _uhttp://www.gutenberg.org/ebooks/19473
942 _cEB
999 _c248728
_d248728